000 00908nam a2200289Ia 4500
001 Para_6969
003 CHAP
008 220125s1982 xx 000 0 und d
010 _a205688
040 _cCHAP
090 _aPA FOLLETO 847
100 _aOrtegón Morales, Alfredo
_9171759
245 _aLogros y aportaciones de la investigación agrícola en ajonjolí, cacahuate y girasol /
_c por Alfredo Ortegón Morales
260 _aMéxico :
_b INIA
300 _a30 p.
650 _aAjonjolí
_x investigación
_9171760
650 _aCacahuate
_x investigación
_916882
650 _aGirasol
_x investigación
_948157
710 _aInstituto Nacional de Investigaciones Agrícolas (México)
_959316
901 _aPA FOLLETO 847
902 _aA
905 _a0000001982 0000000000 00
910 _a1982
942 _cPARA
942 _cPARA
_d1
999 _c205688
_d205688